| 000 | 00780cam a2200277Mi 4500 | ||
|---|---|---|---|
| 001 | 94485 | ||
| 005 | 20230410124133.0 | ||
| 008 | 060629s2005 it 000 0 eng d | ||
| 035 | _a(OCoLC)ocn470527595 | ||
| 040 | _afre | ||
| 020 | _a8883472489 | ||
| 020 | _a9788883472480 | ||
| 049 | _aGRAL | ||
| 050 | 1 | 4 |
_aNA 5621 _bC762c 2005 |
| 100 | 1 | _aConti, Giuseppe. | |
| 245 | 1 | 4 |
_aThe Cupola of Santa Maria del Fiore as told by its creator Filippo Brunelleschi / _cGiuseppe Conti, Roberto Corazzi. |
| 260 |
_aLivorno : _bSillabe, _c2005. |
||
| 300 |
_a63 p. : _bill. ; _c18 x 18 cm. |
||
| 600 | 1 | 7 | _aBrunelleschi, Filippo, |
| 650 | 7 |
_aItalie _xDuomo. |
|
| 650 | 4 |
_aItalia _xDomu |
|
| 700 | 1 | _aCorazzi, Roberto. | |
| 942 |
_2lcc _cbk |
||
| 994 |
_aC0 _bDRFGD |
||
| 946 | _anc | ||
| 999 |
_c71743 _d71743 |
||